Find it yourself: A brief course in the use of books and libraries (Record no. 1327575)

MARC details
000 -LEADER
fixed length control field 00658nam a2200217Ia 4500
005 - DATE AND TIME OF LATEST TRANSACTION
control field 20250508151111.0
008 - FIXED-LENGTH DATA ELEMENTS--GENERAL INFORMATION
fixed length control field 008 250505s9999 xx 000 0 eng d
037 ## - SOURCE OF ACQUISITION
Stock number Textual
040 ## - CATALOGING SOURCE
Original cataloging agency FEDL
Language of cataloging eng
Transcribing agency FEDL
041 ## - LANGUAGE CODE
Language code of text/sound track or separate title eng
Source of code eng
084 ## - COLON CLASSIFICATION NUMBER
Classification number 020.7, SCR
Assigning agency FEDL
100 ## - MAIN ENTRY--PERSONAL NAME
Personal name Scripture Elizabeth
9 (RLIN) 44261
245 #0 - TITLE STATEMENT
Title Find it yourself: A brief course in the use of books and libraries
260 ## - PUBLICATION, DISTRIBUTION, ETC.
Place of publication, distribution, etc. New York, USA
Name of publisher, distributor, etc. The H. W. Wilson Company
Date of publication, distribution, etc. 1949
300 ## - PHYSICAL DESCRIPTION
Extent 64p.
365 ## - TRADE PRICE
Price type code INR
Price amount 2
650 ## - SUBJECT ADDED ENTRY--TOPICAL TERM
Topical term or geographic name entry element Library and Information Sciences
700 ## - ADDED ENTRY--PERSONAL NAME
Personal name Greer Margaret R
9 (RLIN) 758419
942 ## - ADDED ENTRY ELEMENTS (KOHA)
Koha item type Textual
Classification part 020.7, SCR
Holdings
Withdrawn status Lost status Damaged status Not for loan Home library Current library Date acquired Cost, normal purchase price Total Checkouts Full call number Barcode Date last seen Price effective from Koha item type
        Department of Education Library Department of Education Library 2025-05-08 2.00   020.7, SCR EL0007471 2025-05-08 2025-05-08 Textual
Copyright @ Delhi University Library System